| 000 | 00609nam a2200181 a 4500 | ||
|---|---|---|---|
| 001 | 000015714 | ||
| 005 | 20200929164128.0 | ||
| 008 | 100217s1983 sp a 000 0 spa d | ||
| 040 |
_aDO-SdBNP _bspa _cBNPHU |
||
| 082 |
_axxx _bT595p |
||
| 100 | 1 |
_aMelendez Muñoz, Miguel _d1884-1966 _931056 |
|
| 245 | 1 | 0 |
_aTipos puertorriqueños : _bprosa costumbrista del siglo 20 / _cMiguel Melendez Muñoz... [et al.]. |
| 260 |
_aBarcelona : _bInstituto de Cultura Puertorriqueña, _c1983. |
||
| 300 |
_a48 p. : _bil. ; _c22 cm. |
||
| 490 | 1 |
_aLibros del pueblo _v8 |
|
| 830 | 0 |
_aLibros del pueblo _n8 _935381 |
|
| 049 | _aBNPD | ||
| 999 |
_c15266 _d15266 |
||